000 01242cam a2200373 4500
999 _c24181
_d24181
001 vtls012235029
005 20260506101810.0
008 230717s2023 xo g 010 f slo
020 _a9788055188416
_q(viazané)
040 _aSNK
_bslo
_cSNK
_erda
041 1 _aslo
_heng
044 _axo
_cSK
072 7 _a821.111-3
_xAnglická próza, anglicky písaná
_2konspekt
080 _a821.111-31
_22011
080 _a(0:82-311.6)
_22011
100 1 _aMosse, Kate,
_d1961-
_4aut
_92578
240 1 4 _aThe city of tears
_lSlovensky
245 1 0 _aMesto sĺz
_cKate Mossová ; preložila Tamara Chovanová
264 1 _aBratislava
_bIkar
_c2023
300 _a452 strán
_c24 cm
336 _atext
_btxt
_2rdacontent
337 _abez média
_bn
_2rdamedia
338 _azväzok
_bnc
_2rdacarrier
500 _aPreložené z angličtiny
500 _aObsahuje biografické údaje o autorke na záložke prebalu publikácie
655 7 _aanglické romány
_2SNKPH
_98
655 7 _ahistorické romány
_2SNKPH
_91688
655 7 _aEnglish fiction
_2SNKPHeng
_99
655 7 _aHistorical novels
_2SNKPHeng
_91689
700 1 _aChovanová, Tamara,
_d1953-
_4trl
_91712
958 _aLX
958 _aUP